Catálogo público

Stress responses in plants : adaptation and acclimation mehcanisms / (Record no. 164366)

MARC details
000 -CABECERA
campo de control de longitud fija 00897nam a2200313Ia 4500
001 - NÚMERO DE CONTROL
campo de control Z_1278
003 - IDENTIFICADOR DEL NÚMERO DE CONTROL
campo de control CHAP
008 - DATOS DE LONGITUD FIJA--INFORMACIÓN GENERAL
campo de control de longitud fija 220113s1990 xx 000 0 und d
010 ## - NÚMERO DE CONTROL DE LA BIBLIOTECA DEL CONGRESO
Número de control de LC 164366
040 ## - FUENTE DE LA CATALOGACIÓN
Centro/agencia transcriptor CHAP
082 ## - NÚMERO DE LA CLASIFICACIÓN DECIMAL DEWEY
Número de clasificación 581.24 A5
100 ## - ENTRADA PRINCIPAL--NOMBRE DE PERSONA
Nombre de persona Alscher, Ruth G
9 (RLIN) 4648
245 ## - MENCIÓN DE TÍTULO
Título Stress responses in plants : adaptation and acclimation mehcanisms /
Mención de responsabilidad, etc. ed. by Ruth G. Alscher and Jonathan R. Cumming
260 ## - PUBLICACIÓN, DISTRIBUCIÓN, ETC.
Lugar de publicación, distribución, etc. New York :
Nombre del editor, distribuidor, etc. Wiley,
Fecha de publicación, distribución, etc. 1990
300 ## - DESCRIPCIÓN FÍSICA
Extensión 407 p. ; gráfs
440 ## - MENCIÓN DE SERIE/PUNTO DE ACCESO ADICIONAL--TÍTULO
Título Plant biology vol. 12
9 (RLIN) 88757
500 ## - NOTA GENERAL
Nota general
503 ## - NOTA DE HISTORIA BIBLIOGRÁFICA (BK CF MU) [OBSOLETO]
Nota de historia bibliográfica 162790
650 ## - PUNTO DE ACCESO ADICIONAL DE MATERIA--TÉRMINO DE MATERIA
Término de materia o nombre geográfico como elemento de entrada Aclimatación vegetal I. Cumming, Jonathan R. II.t.
9 (RLIN) 138520
650 ## - PUNTO DE ACCESO ADICIONAL DE MATERIA--TÉRMINO DE MATERIA
Término de materia o nombre geográfico como elemento de entrada adaptación vegetal
9 (RLIN) 880
650 ## - PUNTO DE ACCESO ADICIONAL DE MATERIA--TÉRMINO DE MATERIA
Término de materia o nombre geográfico como elemento de entrada Plantas
Subdivisión general Efecto del medio ambiente
9 (RLIN) 88821
650 ## - PUNTO DE ACCESO ADICIONAL DE MATERIA--TÉRMINO DE MATERIA
Término de materia o nombre geográfico como elemento de entrada Tensión
Subdivisión general Efecto en plantas
9 (RLIN) 112283
901 ## - ELEMENTOS DE DATOS A LOCAL LDA (RLIN)
a 581.24 A5
902 ## - ELEMENTOS DE DATOS B LOCAL, LDB (RLIN)
a A
910 ## - DATOS DE OPCIÓN DEL USUARIO (OCLC)
Datos de opción del usuario 1990
942 ## - ELEMENTOS DE PUNTO DE ACCESO ADICIONAL (KOHA)
Tipo de ítem Koha Libro_
942 ## - ELEMENTOS DE PUNTO DE ACCESO ADICIONAL (KOHA)
Tipo de ítem Koha
Holdings
Estado de retiro Estado de pérdida Estado dañado No para préstamo Localización permanente Ubicación/localización actual Ubicación en estantería Fecha de adquisición Información codificada de la localización en otra ubicación Código de barras Fecha visto por última vez Número de copia Precio válido a partir de Tipo de ítem Koha Nota pública
        Zootecnia Zootecnia   09/11/2005 1 z_1432 18/01/2022 1 18/01/2022 Libro 3